Guess the Taylor Swift Song (no hints) 60 - Statistics

General Stats
  • This quiz has been taken 92 times
  • The average score is 318 of 385
Answer Stats
Answer % Correct
I
100%
you
98%
a
97%
it
97%
me,
97%
me
97%
the
97%
in
95%
on
95%
your
95%
is
94%
my
94%
to
94%
be
92%
It's
92%
it's
92%
this
92%
This
92%
when
92%
you're
92%
all
90%
an
90%
do
90%
do,
90%
I'm
90%
no
90%
so
90%
that
90%
and
89%
for
89%
go
89%
want
89%
what
89%
who
89%
just
87%
Just
87%
love
87%
not
87%
of
87%
but
85%
But
85%
don't
85%
like
85%
one
85%
say
85%
say,
85%
with
85%
head
84%
mind
82%
out
82%
us
81%
mine
79%
need
79%
now
79%
oh
79%
had
77%
up,
77%
up
77%
afterglow
76%
down
76%
Even
76%
see
76%
Tell
76%
have
74%
heart
74%
lose,
74%
lose
74%
Meet
74%
off
74%
wanna
74%
we'll
74%
back,
73%
face,
73%
fine
73%
things
73%
break
71%
didn't
71%
something
71%
still
71%
Hey,
69%
hey,
69%
there's
69%
fault
68%
let
68%
blue
66%
hurt
66%
meant
66%
much?
65%
Thought
65%
blew
63%
fight,
63%
Put
63%
Sorry
63%
sorry
63%
burned
61%
proportion,
61%
away,
58%
blame,
58%
hands
58%
'til
58%
behind
56%
Fighting
56%
jail
56%
reason
56%
walk
56%
gloves
55%
Why'd
55%
worth
55%
attack,
53%
boxing
53%
light
53%
true
53%
Went
53%
blows
50%
crying
50%
island,
50%
morning
50%
ultraviolet
50%
punished
48%
silence
48%
low
47%
Tells
47%
Chemistry
44%
lift
44%
pinned
44%
sirens,
44%
excruciating
42%
lived
42%
below
39%
(Ooh)
39%
No matching quizzes found
Score Distribution
Percent of People with Each Score
Percentile by Number Answered
Your Score History
You have not taken this quiz